000 00831nam a2200289Ia 4500
001 9645
003 IT-RoPAU
008 130308s9999 xx 000 0 und d
040 _aIT-RoPAU
040 _cIT-RoPAU
041 _aITALIANO
100 _aMarucci Franco
100 _gCodice Aut. SPICS: 4079
245 _a"Materialità come ""salvezza"" nella poesia di Dylan Thomas (La)"
245 _bMaterialita' del testo (La)-Ricerca interdisciplinare Sulle Pratiche Significanti
250 _a1a ed.
260 _aVERONA
260 _bBertani
260 _c1977 [1° Ed.:1977 - Ed.Ling.Originale:1977]
300 _a"26 p. (prefazione: no ; testo: 26 [pagine: 206-231])"
650 _aSAGGI DI SEMIOLOGIA
650 _eCodice materia Spics: 3257
942 _cBK
957 _71
999 _c41534
_d41534
999 _bSI
999 _g1